[Event "Zukertort - Zuid-Limburg"]
[Site ""]
[Date "2023.04.22"]
[Round "1.6"]
[White "O`donnell, Conor"]
[Black "Gallasch, Jonas"]
[Result "1-0"]
[WhiteElo "2293"]
[BlackElo "2301"]

1. d4 {[%emt 00:00:44]} Nf6 {[%clk 01:11:19]} {[%emt 00:19:22]} 2. Nf3 {[%clk
01:30:52]} {[%emt 00:00:12]} g6 {[%clk 01:11:04]} {[%emt 00:00:47]} 3. g3
{[%clk 01:31:09]} {[%emt 00:00:12]} Bg7 {[%clk 01:11:27]} {[%emt 00:00:07]} 4.
Bg2 {[%clk 01:31:31]} {[%emt 00:00:08]} d5 {[%clk 01:11:40]} {[%emt 00:00:17]}
5. O-O {[%clk 01:31:49]} {[%emt 00:00:10]} O-O {[%clk 01:12:05]} {[%emt
00:00:07]} 6. c3 {[%clk 01:31:47]} {[%emt 00:00:31]} b6 {[%clk 01:12:23]}
{[%emt 00:00:12]} 7. a4 {[%clk 01:31:39]} {[%emt 00:00:37]} a5 {[%clk
01:10:55]} {[%emt 00:01:59]} 8. Na3 {[%clk 01:28:57]} {[%emt 00:03:11]} Bb7
{[%clk 01:09:59]} {[%emt 00:01:27]} 9. b3 {[%clk 01:25:56]} {[%emt 00:03:30]}
Nfd7 {[%clk 01:06:25]} {[%emt 00:04:06]} 10. Bf4 {[%clk 01:16:52]} {[%emt
00:09:34]} Na6 {[%clk 00:59:21]} {[%emt 00:07:34]} 11. Qd2 {[%clk 01:13:24]}
{[%emt 00:03:56]} Re8 {[%clk 00:56:13]} {[%emt 00:03:40]} 12. Rac1 {[%clk
01:07:27]} {[%emt 00:06:26]} c6 {[%clk 00:52:48]} {[%emt 00:03:55]} 13. Nc2
{[%clk 01:01:44]} {[%emt 00:06:13]} f6 {[%clk 00:42:17]} {[%emt 00:11:01]} 14.
Bh6 {[%clk 00:53:42]} {[%emt 00:08:32]} Bh8 {[%clk 00:41:40]} {[%emt 00:01:08]}
15. c4 {[%clk 00:45:12]} {[%emt 00:08:59]} e5 {[%clk 00:38:31]} {[%emt
00:03:40]} 16. cxd5 {[%clk 00:40:28]} {[%emt 00:05:14]} cxd5 {[%clk 00:38:25]}
{[%emt 00:00:36]} 17. dxe5 {[%clk 00:40:31]} {[%emt 00:00:27]} fxe5 {[%clk
00:38:22]} {[%emt 00:00:33]} 18. Ne3 {[%clk 00:36:05]} {[%emt 00:04:56]} Ndc5
{[%clk 00:34:30]} {[%emt 00:04:22]} 19. Bg5 {[%clk 00:25:30]} {[%emt 00:11:05]}
Qd7 {[%clk 00:27:05]} {[%emt 00:07:55]} 20. Qa2 {[%clk 00:15:16]} {[%emt
00:10:44]} e4 {[%clk 00:22:23]} {[%emt 00:05:12]} 21. Nd2 {[%clk 00:13:50]}
{[%emt 00:01:56]} Nb4 {[%clk 00:20:50]} {[%emt 00:02:03]} 22. Qb1 {[%clk
00:13:59]} {[%emt 00:00:19]} Ba6 {[%clk 00:18:30]} {[%emt 00:02:51]} 23. Rfe1
{[%clk 00:13:24]} {[%emt 00:01:06]} Bg7 {[%clk 00:13:58]} {[%emt 00:05:02]} 24.
h4 {[%clk 00:09:59]} {[%emt 00:03:55]} Rf8 {[%clk 00:09:37]} {[%emt 00:04:50]}
25. Rcd1 {[%clk 00:07:34]} {[%emt 00:02:55]} Qe6 {[%clk 00:09:07]} {[%emt
00:01:00]} 26. Bf4 {[%clk 00:05:37]} {[%emt 00:02:26]} Rac8 {[%clk 00:09:04]}
{[%emt 00:00:34]} 27. Kh2 {[%clk 00:04:10]} {[%emt 00:01:58]} Rxf4 {[%clk
00:03:01]} {[%emt 00:06:32]} 28. gxf4 {[%clk 00:04:39]} {[%emt 00:00:01]} Qd6
{[%clk 00:03:22]} {[%emt 00:00:09]} 29. Nxe4 {[%clk 00:04:09]} {[%emt
00:01:00]} Qxf4+ {[%clk 00:02:31]} {[%emt 00:01:22]} 30. Ng3 {[%clk 00:04:38]}
Be5 {[%clk 00:00:51]} {[%emt 00:02:10]} 31. Bf3 {[%clk 00:02:30]} {[%emt
00:02:37]} Ncd3 {[%clk 00:00:35]} {[%emt 00:00:47]} 32. Ng2 {[%clk 00:01:49]}
{[%emt 00:01:10]} Qf6 {[%clk 00:00:33]} {[%emt 00:00:32]} 33. Rxd3 {[%clk
00:01:37]} {[%emt 00:00:43]} Bxd3 {[%clk 00:00:34]} {[%emt 00:00:29]} 34. Bxd5+
{[%clk 00:00:55]} {[%emt 00:01:12]} Kh8 {[%clk 00:00:35]} {[%emt 00:00:28]} 35.
exd3 {[%clk 00:01:23]} {[%emt 00:00:02]} Nxd5 {[%clk 00:00:46]} {[%emt
00:00:19]} 36. Qd1 {[%clk 00:00:54]} {[%emt 00:00:59]} Rf8 {[%clk 00:00:31]}
{[%emt 00:00:45]} 37. Qg4 {[%clk 00:00:51]} {[%emt 00:00:34]} Bb8 {[%clk
00:00:43]} {[%emt 00:00:18]} 38. Re2 {[%clk 00:00:49]} {[%emt 00:00:31]} Nc3
{[%clk 00:00:33]} {[%emt 00:00:40]} 39. Rc2 {[%clk 00:01:18]} {[%emt 00:00:02]}
Be5 {[%clk 00:00:32]} {[%emt 00:00:31]} 40. Ne3 {[%clk 00:00:45]} {[%emt
00:01:02]} Bd4 {[%clk 00:00:31]} {[%emt 00:00:32]} 41. Ne4 {[%clk 00:16:27]}
{[%emt 00:14:48]} Nxe4 {[%clk 00:26:27]} {[%emt 00:04:33]} 42. Qxe4 {[%clk
00:15:15]} {[%emt 00:01:42]} Bc5 {[%clk 00:25:15]} {[%emt 00:01:42]} 43. Kg2
{[%clk 00:12:32]} {[%emt 00:03:13]} Rd8 {[%clk 00:19:27]} {[%emt 00:06:17]} 44.
Ng4 {[%clk 00:10:46]} {[%emt 00:02:17]} Qxh4 {[%clk 00:13:15]} {[%emt
00:06:42]} 45. Qe5+ {[%clk 00:10:05]} {[%emt 00:01:10]} Kg8 {[%emt 00:03:54]}
46. Rc4 {[%clk 00:06:44]} Rf8 {[%clk 00:12:15]} {[%emt 00:01:58]} 47. Qe6+
{[%clk 00:03:51]} {[%emt 00:03:23]} Kh8 {[%clk 00:11:46]} {[%emt 00:00:58]} 48.
Qe5+ {[%clk 00:04:07]} {[%emt 00:00:14]} Kg8 {[%clk 00:12:11]} {[%emt
00:00:06]} 49. Qe6+ {[%clk 00:02:27]} {[%emt 00:02:10]} Kh8 {[%clk 00:12:36]}
{[%emt 00:00:04]} 50. d4 {[%clk 00:01:28]} {[%emt 00:01:30]} h5 {[%clk
00:09:08]} {[%emt 00:03:58]} 51. dxc5 {[%clk 00:01:30]} {[%emt 00:00:28]} hxg4
{[%clk 00:09:32]} {[%emt 00:00:06]} 52. Qe5+ {[%clk 00:01:23]} {[%emt
00:00:37]} Kh7 {[%clk 00:09:12]} {[%emt 00:00:50]} 53. Qg3 {[%clk 00:01:31]}
{[%emt 00:00:22]} Qxg3+ {[%clk 00:08:45]} {[%emt 00:00:58]} 54. Kxg3 {[%clk
00:01:01]} {[%emt 00:00:59]} bxc5 {[%clk 00:08:27]} {[%emt 00:00:48]} 55. Rxc5
{[%clk 00:00:57]} {[%emt 00:00:34]} Rf3+ {[%clk 00:08:41]} {[%emt 00:00:16]} 56.
Kxg4 {[%clk 00:01:18]} {[%emt 00:00:10]} Rxb3 {[%clk 00:09:05]} {[%emt
00:00:05]} 57. Rxa5 {[%clk 00:01:35]} {[%emt 00:00:14]} Kh6 {[%clk 00:07:07]}
{[%emt 00:02:28]} 58. Ra6 {[%clk 00:00:47]} {[%emt 00:01:17]} Rb1 {[%clk
00:06:33]} {[%emt 00:01:03]} 59. a5 {[%clk 00:00:48]} {[%emt 00:00:31]} Rg1+
{[%clk 00:06:23]} {[%emt 00:00:39]} 60. Kf4 {[%clk 00:01:11]} {[%emt 00:00:06]}
Ra1 {[%clk 00:06:11]} {[%emt 00:00:42]} 61. Ra8 {[%clk 00:01:38]} {[%emt
00:00:03]} Kg7 {[%clk 00:04:20]} {[%emt 00:02:23]} 62. a6 {[%clk 00:00:49]}
{[%emt 00:01:18]} Ra4+ {[%clk 00:03:26]} {[%emt 00:01:24]} 63. Kg3 {[%clk
00:00:37]} {[%emt 00:00:42]} Ra3+ {[%clk 00:03:25]} {[%emt 00:00:31]} 64. f3
{[%clk 00:00:56]} {[%emt 00:00:11]} Ra4 {[%clk 00:03:48]} {[%emt 00:00:07]} 65.
Kf2 {[%clk 00:01:17]} {[%emt 00:00:10]} Ra2+ {[%clk 00:03:57]} {[%emt
00:00:20]} 66. Ke1 {[%clk 00:01:44]} {[%emt 00:00:02]} Ra3 {[%clk 00:04:13]}
{[%emt 00:00:14]} 67. Ke2 {[%clk 00:02:09]} {[%emt 00:00:06]} Ra2+ {[%clk
00:03:51]} {[%emt 00:00:51]} 68. Ke3 {[%clk 00:02:16]} {[%emt 00:00:23]} Ra3+
{[%clk 00:04:14]} {[%emt 00:00:07]} 69. Ke4 {[%clk 00:02:33]} {[%emt 00:00:14]}
Kh7 {[%clk 00:04:12]} {[%emt 00:00:32]} 70. f4 {[%clk 00:01:53]} {[%emt
00:01:10]} Ra5 {[%clk 00:04:13]} {[%emt 00:00:28]} 71. Ra7+ {[%clk 00:01:31]}
{[%emt 00:00:53]} Kg8 {[%clk 00:04:16]} {[%emt 00:00:27]} 72. Kd4 {[%clk
00:01:29]} {[%emt 00:00:32]} Kh8 {[%clk 00:04:10]} {[%emt 00:00:36]} 73. Kc4
{[%clk 00:01:14]} {[%emt 00:00:45]} Kg8 {[%clk 00:01:31]} {[%emt 00:03:09]} 74.
Kb4 {[%clk 00:01:42]} {[%emt 00:00:01]} Ra1 {[%clk 00:01:47]} {[%emt 00:00:15]}
75. Kc5 {[%clk 00:02:01]} {[%emt 00:00:12]} Rc1+ {[%clk 00:01:13]} {[%emt
00:01:03]} 76. Kd5 {[%clk 00:01:58]} {[%emt 00:00:32]} Ra1 {[%clk 00:00:52]}
{[%emt 00:00:51]} 77. Ke5 {[%clk 00:02:15]} {[%emt 00:00:13]} Ra4 {[%clk
00:01:12]} {[%emt 00:00:10]} 78. Ke6 {[%clk 00:00:48]} {[%emt 00:01:58]} Re4+
{[%clk 00:00:47]} {[%emt 00:00:55]} 79. Kd5 {[%clk 00:00:57]} {[%emt 00:00:19]}
Ra4 {[%clk 00:00:48]} {[%emt 00:00:30]} 80. Ke5 {[%clk 00:00:39]} {[%emt
00:00:48]} Kf8 {[%clk 00:00:33]} {[%emt 00:00:46]} 81. Ke6 {[%clk 00:00:45]}
{[%emt 00:00:23]} Re4+ {[%clk 00:00:41]} {[%emt 00:00:22]} 82. Kd5 {[%clk
00:00:59]} {[%emt 00:00:16]} Ra4 {[%clk 00:01:08]} {[%emt 00:00:04]} 83. Kc5
{[%clk 00:01:00]} {[%emt 00:00:28]} Ra1 {[%clk 00:01:23]} {[%emt 00:00:15]} 84.
Kc6 {[%clk 00:00:45]} {[%emt 00:00:44]} Rc1+ {[%clk 00:01:32]} {[%emt
00:00:22]} 85. Kd7 {[%clk 00:00:40]} {[%emt 00:00:35]} Ra1 {[%clk 00:01:28]}
{[%emt 00:00:33]} 86. Kc8 {[%clk 00:00:47]} {[%emt 00:00:24]} Ke8 {[%clk
00:01:37]} {[%emt 00:00:21]} 87. Kc7 {[%clk 00:00:33]} {[%emt 00:00:44]} Rc1+
{[%clk 00:01:43]} {[%emt 00:00:24]} 88. Kd6 {[%clk 00:00:48]} {[%emt 00:00:15]}
Ra1 {[%clk 00:01:35]} {[%emt 00:00:38]} 89. Ke6 {[%clk 00:01:00]} {[%emt
00:00:17]} Kd8 {[%clk 00:01:46]} {[%emt 00:00:20]} 90. Kf6 {[%clk 00:00:36]}
{[%emt 00:00:55]} Ra4 {[%clk 00:02:01]} {[%emt 00:00:14]} 91. Kg5 {[%clk
00:00:46]} {[%emt 00:00:20]} Ke8 {[%clk 00:02:06]} {[%emt 00:00:25]} 92. Kxg6
{[%clk 00:00:52]} {[%emt 00:00:24]} Rxf4 {[%clk 00:01:38]} {[%emt 00:00:57]} 93.
Rb7 {[%clk 00:01:16]} {[%emt 00:00:06]} Ra4 {[%clk 00:01:37]} {[%emt 00:00:32]}
94. a7 {[%clk 00:01:37]} {[%emt 00:00:09]} Ra6+ {[%clk 00:01:45]} {[%emt
00:00:21]} 95. Kf5 {[%clk 00:01:56]} {[%emt 00:00:12]} Ra5+ {[%clk 00:02:10]}
{[%emt 00:00:05]} 96. Ke4 {[%clk 00:02:16]} {[%emt 00:00:09]} Ra4+ {[%clk
00:02:37]} {[%emt 00:00:04]} 97. Kd3 {[%clk 00:02:28]} {[%emt 00:00:17]} Ra3+
{[%clk 00:03:04]} {[%emt 00:00:03]} 98. Kc2 {[%clk 00:02:47]} {[%emt 00:00:11]}
Ra2+ {[%clk 00:03:31]} {[%emt 00:00:03]} 99. Kb1 {[%clk 00:03:09]} 1-0

[Event "Zukertort - Zuid-Limburg"]
[Site ""]
[Date "2023.04.22"]
[Round "1.7"]
[White "Hausrath, Daniel"]
[Black "Krudde, Fitzgerald"]
[Result "1-0"]
[WhiteElo "2466"]
[BlackElo "2272"]

1. Nf3 {[%clk 01:29:42]} {[%emt 00:01:16]} d5 {[%clk 01:30:08]} {[%emt
00:00:53]} 2. g3 {[%clk 01:30:06]} {[%emt 00:00:05]} c6 {[%clk 01:30:17]}
{[%emt 00:00:22]} 3. Bg2 {[%clk 01:30:31]} {[%emt 00:00:05]} Nf6 {[%clk
01:30:11]} {[%emt 00:00:36]} 4. c4 {[%clk 01:30:54]} {[%emt 00:00:06]} e6
{[%clk 01:26:26]} {[%emt 00:04:16]} 5. O-O {[%clk 01:31:09]} {[%emt 00:00:14]}
Be7 {[%clk 01:26:49]} {[%emt 00:00:08]} 6. d4 {[%clk 01:31:22]} {[%emt
00:00:17]} O-O {[%clk 01:26:23]} {[%emt 00:00:55]} 7. Qc2 {[%clk 01:31:42]}
{[%emt 00:00:11]} b6 {[%clk 01:22:45]} {[%emt 00:04:09]} 8. Rd1 {[%clk
01:28:42]} {[%emt 00:03:29]} Bb7 {[%clk 01:18:53]} {[%emt 00:04:22]} 9. b3
{[%clk 01:28:42]} {[%emt 00:00:30]} a5 {[%clk 01:13:56]} {[%emt 00:05:27]} 10.
Nc3 {[%clk 01:28:30]} {[%emt 00:00:42]} Na6 {[%clk 01:12:46]} {[%emt 00:01:41]}
11. Bb2 {[%clk 01:25:09]} {[%emt 00:03:51]} Rc8 {[%clk 01:10:30]} {[%emt
00:02:46]} 12. e4 {[%clk 01:17:48]} {[%emt 00:07:50]} Nxe4 {[%clk 00:55:27]}
{[%emt 00:15:33]} 13. Nxe4 {[%clk 01:16:16]} {[%emt 00:02:02]} dxe4 {[%clk
00:55:40]} {[%emt 00:00:18]} 14. Qxe4 {[%clk 01:16:39]} {[%emt 00:00:07]} Bf6
{[%clk 00:48:42]} {[%emt 00:07:28]} 15. Ne5 {[%clk 01:12:49]} {[%emt 00:04:19]}
g6 {[%clk 00:44:17]} {[%emt 00:04:55]} 16. h4 {[%clk 01:10:35]} {[%emt
00:02:44]} Bg7 {[%clk 00:38:35]} {[%emt 00:06:12]} 17. c5 {[%clk 00:58:15]}
{[%emt 00:12:50]} b5 {[%clk 00:34:10]} {[%emt 00:04:55]} 18. a4 {[%clk
00:53:59]} {[%emt 00:04:46]} b4 {[%clk 00:33:43]} {[%emt 00:00:57]} 19. Nc4
{[%clk 00:42:21]} {[%emt 00:12:09]} Nb8 {[%clk 00:28:34]} {[%emt 00:05:39]} 20.
Bc1 {[%clk 00:39:21]} {[%emt 00:03:30]} Ba6 {[%clk 00:14:17]} {[%emt 00:14:46]}
21. Nd6 {[%clk 00:29:09]} {[%emt 00:10:41]} Rc7 {[%clk 00:14:05]} {[%emt
00:00:43]} 22. Bg5 {[%clk 00:29:29]} {[%emt 00:00:09]} Bf6 {[%clk 00:10:02]}
{[%emt 00:04:34]} 23. Qf4 {[%clk 00:27:29]} {[%emt 00:02:30]} Bxg5 {[%clk
00:08:37]} {[%emt 00:01:55]} 24. hxg5 {[%clk 00:27:34]} {[%emt 00:00:25]} f6
{[%clk 00:07:04]} {[%emt 00:02:04]} 25. gxf6 {[%clk 00:21:58]} {[%emt
00:06:05]} Rxf6 {[%clk 00:06:54]} {[%emt 00:00:40]} 26. Qg5 {[%clk 00:21:34]}
{[%emt 00:00:52]} Qf8 {[%clk 00:05:39]} {[%emt 00:01:47]} 27. Bh3 {[%clk
00:16:06]} {[%emt 00:05:58]} Re7 {[%clk 00:05:06]} {[%emt 00:01:03]} 28. Ra2
{[%clk 00:10:48]} {[%emt 00:05:49]} h6 {[%clk 00:05:05]} {[%emt 00:00:31]} 29.
Qe5 {[%clk 00:09:48]} {[%emt 00:01:29]} Kh7 {[%clk 00:04:21]} {[%emt 00:01:14]}
30. f4 {[%clk 00:07:53]} {[%emt 00:02:24]} Nd7 {[%clk 00:02:55]} {[%emt
00:01:57]} 31. Qe4 {[%clk 00:08:04]} {[%emt 00:00:18]} Nb8 {[%clk 00:03:19]}
{[%emt 00:00:07]} 32. Rh2 {[%clk 00:06:57]} {[%emt 00:01:37]} Qg7 {[%clk
00:03:27]} {[%emt 00:00:23]} 33. Qe3 {[%clk 00:05:59]} {[%emt 00:01:26]} Kg8
{[%clk 00:02:07]} {[%emt 00:01:51]} 34. Re1 {[%clk 00:05:05]} {[%emt 00:01:25]}
Nd7 {[%clk 00:01:45]} {[%emt 00:00:51]} 35. Bg2 {[%clk 00:03:44]} {[%emt
00:01:50]} Nb8 {[%clk 00:01:41]} {[%emt 00:00:36]} 36. Be4 {[%clk 00:03:12]}
{[%emt 00:01:01]} Qf8 {[%clk 00:01:20]} {[%emt 00:00:52]} 37. Kg2 {[%clk
00:02:32]} {[%emt 00:01:10]} Qg7 {[%clk 00:00:55]} {[%emt 00:00:54]} 38. Reh1
{[%clk 00:02:39]} {[%emt 00:00:22]} h5 {[%clk 00:01:11]} {[%emt 00:00:15]} 39.
Re1 {[%clk 00:02:54]} {[%emt 00:00:15]} Qf8 {[%clk 00:01:12]} {[%emt 00:00:30]}
40. Bf3 {[%clk 00:01:28]} {[%emt 00:01:54]} Qg7 {[%clk 00:00:59]} {[%emt
00:00:45]} 41. Ne4 {[%clk 00:00:31]} {[%emt 00:01:26]} Rf8 {[%clk 00:00:35]}
{[%emt 00:00:54]} 42. g4 {[%clk 00:23:15]} {[%emt 00:07:46]} Rd8 {[%clk
00:14:21]} {[%emt 00:16:44]} 43. Nd6 {[%clk 00:20:45]} {[%emt 00:03:00]} Qf6
{[%clk 00:10:49]} {[%emt 00:04:02]} 44. gxh5 {[%clk 00:18:45]} {[%emt
00:02:30]} gxh5 {[%clk 00:09:29]} {[%emt 00:01:50]} 45. Rxh5 {[%clk 00:18:09]}
{[%emt 00:01:06]} Rdd7 {[%clk 00:06:54]} {[%emt 00:03:06]} 46. Rg5+ {[%clk
00:15:28]} {[%emt 00:03:11]} Kf8 {[%clk 00:06:48]} {[%emt 00:00:36]} 47. Bg4
{[%clk 00:14:34]} {[%emt 00:01:24]} Rg7 {[%clk 00:03:02]} {[%emt 00:04:15]} 48.
Qxe6 {[%clk 00:12:34]} 1-0

[Event "Zukertort - Zuid-Limburg"]
[Site ""]
[Date "2023.04.22"]
[Round "1.8"]
[White "Los, Sander"]
[Black "Miesen, Fabian"]
[Result "1-0"]
[WhiteElo "2265"]
[BlackElo "2207"]

1. Nf3 {[%clk 01:30:53]} {[%emt 00:00:07]} d5 {[%clk 01:29:12]} {[%emt
00:01:48]} 2. c4 {[%clk 01:31:16]} {[%emt 00:00:08]} c6 {[%clk 01:29:36]}
{[%emt 00:00:05]} 3. e3 {[%clk 01:31:29]} {[%emt 00:00:17]} Nf6 {[%clk
01:29:54]} {[%emt 00:00:12]} 4. Nc3 {[%clk 01:31:48]} {[%emt 00:00:10]} e6
{[%clk 01:30:17]} {[%emt 00:00:08]} 5. b3 {[%clk 01:30:14]} {[%emt 00:02:04]}
Bd6 {[%clk 01:27:51]} {[%emt 00:02:56]} 6. Bb2 {[%clk 01:28:49]} {[%emt
00:01:55]} O-O {[%clk 01:28:12]} {[%emt 00:00:09]} 7. Qc2 {[%clk 01:27:34]}
{[%emt 00:01:46]} e5 {[%clk 01:16:20]} {[%emt 00:12:20]} 8. cxd5 {[%clk
01:24:09]} {[%emt 00:03:56]} cxd5 {[%clk 01:14:23]} {[%emt 00:02:27]} 9. Nb5
{[%clk 01:22:31]} {[%emt 00:02:07]} Nc6 {[%clk 01:14:46]} {[%emt 00:00:07]} 10.
Nxd6 {[%clk 01:22:53]} {[%emt 00:00:09]} Qxd6 {[%clk 01:15:11]} {[%emt
00:00:05]} 11. d4 {[%clk 01:07:30]} {[%emt 00:15:53]} exd4 {[%clk 01:14:36]}
{[%emt 00:01:05]} 12. Nxd4 {[%clk 01:06:49]} {[%emt 00:01:12]} Nxd4 {[%clk
01:14:48]} {[%emt 00:00:17]} 13. Bxd4 {[%clk 01:06:52]} {[%emt 00:00:27]} Ne4
{[%clk 01:14:26]} {[%emt 00:00:47]} 14. Bd3 {[%clk 00:53:22]} {[%emt 00:14:05]}
Bf5 {[%clk 01:09:45]} {[%emt 00:05:11]} 15. O-O {[%clk 00:50:55]} {[%emt
00:02:58]} Rfc8 {[%clk 01:07:52]} {[%emt 00:02:22]} 16. Qb2 {[%clk 00:48:58]}
{[%emt 00:02:27]} Qg6 {[%clk 00:59:31]} {[%emt 00:08:50]} 17. Rfc1 {[%clk
00:44:54]} {[%emt 00:04:35]} a6 {[%clk 00:39:56]} {[%emt 00:20:05]} 18. Rxc8+
{[%clk 00:36:54]} Rxc8 {[%clk 00:37:46]} {[%emt 00:11:10]} 19. Rc1 {[%clk
00:37:07]} {[%emt 00:00:17]} Rxc1+ {[%clk 00:33:43]} {[%emt 00:04:33]} 20. Qxc1
{[%clk 00:36:06]} {[%emt 00:01:30]} h5 {[%clk 00:28:24]} {[%emt 00:05:50]} 21.
Be2 {[%clk 00:21:47]} {[%emt 00:14:48]} h4 {[%clk 00:23:20]} {[%emt 00:05:36]}
22. Qc7 {[%clk 00:21:08]} {[%emt 00:01:08]} h3 {[%clk 00:21:17]} {[%emt
00:02:34]} 23. Qd8+ {[%clk 00:19:34]} {[%emt 00:02:03]} Kh7 {[%clk 00:18:18]}
{[%emt 00:03:29]} 24. Qh4+ {[%clk 00:19:43]} {[%emt 00:00:21]} Kg8 {[%clk
00:14:42]} {[%emt 00:04:06]} 25. Qd8+ {[%clk 00:18:06]} {[%emt 00:02:07]} Kh7
{[%clk 00:15:05]} {[%emt 00:00:07]} 26. Qh4+ {[%clk 00:18:34]} {[%emt
00:00:03]} Kg8 {[%clk 00:15:20]} {[%emt 00:00:13]} 27. g4 {[%clk 00:18:26]}
{[%emt 00:00:39]} Nd2 {[%clk 00:12:19]} {[%emt 00:03:31]} 28. f3 {[%clk
00:09:33]} {[%emt 00:09:23]} Bd3 {[%clk 00:09:43]} {[%emt 00:03:05]} 29. Qd8+
{[%clk 00:09:58]} {[%emt 00:00:06]} Kh7 {[%clk 00:10:00]} {[%emt 00:00:13]} 30.
Qh4+ {[%clk 00:10:23]} {[%emt 00:00:05]} Kg8 {[%clk 00:10:26]} {[%emt
00:00:04]} 31. Qe1 {[%clk 00:09:20]} {[%emt 00:01:32]} Bxe2 {[%clk 00:09:22]}
{[%emt 00:01:35]} 32. Qxe2 {[%clk 00:09:45]} {[%emt 00:00:05]} Qb1+ {[%clk
00:09:21]} {[%emt 00:00:30]} 33. Kf2 {[%clk 00:10:07]} {[%emt 00:00:09]} Qc2
{[%clk 00:04:30]} {[%emt 00:05:22]} 34. e4 {[%clk 00:08:13]} {[%emt 00:02:24]}
dxe4 {[%clk 00:03:54]} {[%emt 00:01:06]} 35. Be3 {[%clk 00:08:28]} {[%emt
00:00:14]} Qxa2 {[%clk 00:03:28]} {[%emt 00:00:56]} 36. Qxd2 {[%clk 00:07:32]}
{[%emt 00:01:27]} Qxb3 {[%clk 00:02:36]} {[%emt 00:01:22]} 37. fxe4 {[%clk
00:07:09]} {[%emt 00:00:53]} Qe6 {[%clk 00:01:35]} {[%emt 00:01:30]} 38. Qd8+
{[%clk 00:06:58]} {[%emt 00:00:41]} Kh7 {[%clk 00:01:59]} {[%emt 00:00:07]} 39.
Kf3 {[%clk 00:06:30]} {[%emt 00:00:58]} b5 {[%clk 00:01:02]} {[%emt 00:01:26]}
40. Qd5 {[%clk 00:04:38]} {[%emt 00:02:22]} Qf6+ {[%clk 00:00:37]} {[%emt
00:00:56]} 41. Qf5+ {[%clk 00:30:05]} {[%emt 00:05:03]} Qxf5+ {[%clk 00:30:40]}
{[%emt 00:00:27]} 42. exf5 {[%clk 00:28:28]} {[%emt 00:02:07]} b4 {[%clk
00:30:31]} {[%emt 00:00:39]} 43. g5 {[%clk 00:27:46]} {[%emt 00:01:13]} b3
{[%clk 00:30:26]} {[%emt 00:00:34]} 44. Bc1 {[%clk 00:27:58]} {[%emt 00:00:17]}
a5 {[%clk 00:30:01]} {[%emt 00:00:55]} 45. Kg4 {[%clk 00:28:17]} {[%emt
00:00:12]} 1-0

[Event "Zukertort - Zuid-Limburg"]
[Site ""]
[Date "2023.04.22"]
[Round "1.9"]
[White "Hamblok, Roel"]
[Black "Van Der Eijk, Martijn"]
[Result "1-0"]
[WhiteElo "2232"]
[BlackElo "2220"]

1. e4 {[%clk 01:30:57]} {[%emt 00:00:02]} e5 {[%clk 01:30:56]} {[%emt
00:00:05]} 2. Nc3 {[%clk 01:31:19]} {[%emt 00:00:08]} Nf6 {[%clk 01:31:05]}
{[%emt 00:00:20]} 3. Bc4 {[%clk 01:31:40]} {[%emt 00:00:09]} Nc6 {[%clk
01:29:29]} {[%emt 00:02:07]} 4. d3 {[%clk 01:31:04]} {[%emt 00:01:06]} Bc5
{[%clk 01:28:34]} {[%emt 00:01:24]} 5. f4 {[%clk 01:31:24]} {[%emt 00:00:10]}
d6 {[%clk 01:28:29]} {[%emt 00:00:36]} 6. Nf3 {[%clk 01:31:48]} {[%emt
00:00:05]} exf4 {[%clk 01:28:34]} {[%emt 00:00:24]} 7. Bxf4 {[%clk 01:31:52]}
{[%emt 00:00:27]} O-O {[%clk 01:28:58]} {[%emt 00:00:06]} 8. Bg5 {[%clk
01:22:32]} {[%emt 00:09:51]} Bg4 {[%clk 01:13:40]} {[%emt 00:15:47]} 9. Nd5
{[%clk 01:05:04]} {[%emt 00:17:58]} Nxd5 {[%clk 00:37:34]} {[%emt 00:36:37]} 10.
Bxd8 {[%clk 01:03:29]} {[%emt 00:02:04]} Ne3 {[%clk 00:38:02]} {[%emt
00:00:02]} 11. Qd2 {[%clk 00:50:17]} {[%emt 00:13:42]} Raxd8 {[%clk 00:35:02]}
{[%emt 00:03:30]} 12. Bb3 {[%clk 00:42:48]} {[%emt 00:07:59]} Rfe8 {[%clk
00:13:28]} {[%emt 00:22:04]} 13. h3 {[%clk 00:36:49]} {[%emt 00:06:29]} Bxf3
{[%clk 00:09:21]} {[%emt 00:04:37]} 14. gxf3 {[%clk 00:37:06]} {[%emt
00:00:13]} d5 {[%clk 00:06:51]} {[%emt 00:03:00]} 15. Rh2 {[%clk 00:29:04]}
{[%emt 00:08:33]} Rd6 {[%clk 00:04:15]} {[%emt 00:03:06]} 16. Re2 {[%clk
00:21:52]} {[%emt 00:07:42]} Rg6 {[%clk 00:03:43]} {[%emt 00:01:02]} 17. Rxe3
{[%clk 00:21:57]} {[%emt 00:00:25]} Rg1+ {[%clk 00:03:30]} {[%emt 00:00:42]} 18.
Kf2 {[%clk 00:21:08]} {[%emt 00:01:19]} Rxa1 {[%clk 00:03:58]} {[%emt
00:00:02]} 19. Bxd5 {[%clk 00:18:29]} {[%emt 00:03:09]} Rb1 {[%clk 00:01:13]}
{[%emt 00:03:15]} 20. c3 {[%clk 00:08:25]} {[%emt 00:10:35]} Bxe3+ {[%clk
00:01:37]} {[%emt 00:00:06]} 21. Kxe3 {[%clk 00:08:47]} {[%emt 00:00:07]} Nd8
{[%clk 00:01:32]} {[%emt 00:00:35]} 22. Qc2 {[%clk 00:07:16]} {[%emt 00:02:02]}
Rh1 {[%clk 00:01:25]} {[%emt 00:00:37]} 23. Qg2 {[%clk 00:07:35]} {[%emt
00:00:11]} Rb1 {[%clk 00:01:46]} {[%emt 00:00:08]} 24. b4 {[%clk 00:07:39]}
{[%emt 00:00:27]} c6 {[%clk 00:02:05]} {[%emt 00:00:11]} 25. Bb3 {[%clk
00:07:55]} {[%emt 00:00:14]} Ne6 {[%clk 00:01:23]} {[%emt 00:01:12]} 26. Qg3
{[%clk 00:05:52]} {[%emt 00:02:33]} Rc1 {[%clk 00:00:49]} {[%emt 00:01:04]} 27.
Kd2 {[%clk 00:05:42]} {[%emt 00:00:40]} Rf1 {[%clk 00:01:11]} {[%emt 00:00:08]}
28. Bd1 {[%clk 00:03:21]} {[%emt 00:02:51]} Rd8 {[%clk 00:01:09]} {[%emt
00:00:32]} 29. Ke2 {[%clk 00:01:20]} {[%emt 00:02:32]} Rh1 {[%clk 00:00:46]}
{[%emt 00:00:52]} 30. f4 {[%clk 00:01:21]} {[%emt 00:00:30]} f5 {[%clk
00:00:40]} {[%emt 00:00:36]} 31. Bb3 {[%clk 00:01:14]} {[%emt 00:00:37]} fxe4
{[%clk 00:00:48]} {[%emt 00:00:22]} 32. Bxe6+ {[%clk 00:01:25]} {[%emt
00:00:19]} Kh8 {[%clk 00:01:17]} {[%emt 00:00:01]} 33. d4 {[%clk 00:01:37]}
{[%emt 00:00:17]} b6 {[%clk 00:00:54]} {[%emt 00:00:53]} 34. Qg2 {[%clk
00:01:06]} {[%emt 00:01:01]} Rc1 {[%clk 00:01:22]} {[%emt 00:00:02]} 35. Kd2
{[%clk 00:01:19]} {[%emt 00:00:17]} Rb1 {[%clk 00:01:49]} {[%emt 00:00:03]} 36.
Qxe4 {[%clk 00:01:27]} {[%emt 00:00:22]} a5 {[%clk 00:02:18]} {[%emt 00:00:02]}
37. Qxb1 {[%clk 00:01:48]} {[%emt 00:00:08]} 1-0